00370nam a2200133Ia 4500008004100000020001500041041001200056100001300068245007600081260004000157300000800197650001400205700001700219221030s9999 xx 000 0 und d a125902914X aEnglish aK. Hwang 0aComputer Archintecture & Parallel Processingcby K. Hwang, F. A. Briggs bMcGraw - Hill Pub.aNew Delhic2013 a846 aComputers aF. A. Briggs